000 00683nam a2200205Ia 4500
005 20250508165725.0
008 008 250505s9999 xx 000 0 eng d
020 _a978-93-5074-225-9
037 _aTextual
040 _aFEDL
_beng
_cFEDL
041 _aeng
_2eng
084 _a330.7, AGA
_qFEDL
100 _aAgarwal Manju
245 0 _aTeacher education approach to economic education: Project under the scheme to strengthen research and development programme of Delhi University 2014
260 _aDelhi, India
_bFaculty of Education
300 _aviii, 181p.
546 _aGifted by Manju Agarwal
942 _cTEXL
_h330.7, AGA
999 _c1397060
_d1397060